[Event "27th CRO-Cup"]
[Site "Mali Losinj"]
[Date "2018.05.18"]
[Round "4.83"]
[White "Huis, Dinko"]
[Black "Brumen, Dinko"]
[Result "0-1"]
[WhiteElo "2158"]
[BlackElo "2319"]
[PlyCount "78"]
[EventDate "2018.05.16"]

1. d4 Nf6 2. c4 e6 3. Nc3 d5 4. Bg5 Nbd7 5. cxd5 exd5 6. e3 c6 7. Bd3 Be7 8.
Nf3 Nf8 9. Qc2 Ng6 10. Nh4 O-O 11. Nf5 Bxf5 12. Bxf5 Re8 13. O-O Ne4 14. Bxe7
Qxe7 15. Nxe4 dxe4 16. Bxg6 hxg6 17. Rac1 Qh4 18. Qb3 Re7 19. f4 exf3 20. Rxf3
Rd8 21. Rcf1 Rd5 22. Rf4 Qg5 23. e4 Rxd4 24. Rxf7 Rxf7 25. Qxf7+ Kh7 26. Qf3
Rd2 27. Qh3+ Qh5 28. Qc3 Qg5 29. Qh3+ Qh6 30. Qc3 a5 31. Re1 Qg5 32. Qh3+ Qh5
33. Qc3 Rd1 34. e5 a4 35. b4 Rxe1+ 36. Qxe1 Kg8 37. h3 Kf7 38. b5 Qf5 39. bxc6
bxc6 0-1

[Event "27th CRO-Cup"]
[Site "Mali Losinj"]
[Date "2018.05.18"]
[Round "4.84"]
[White "Tomic, Stjepan"]
[Black "Bojanic, Borislav"]
[Result "1-0"]
[WhiteElo "1790"]
[BlackElo "1914"]
[PlyCount "61"]
[EventDate "2018.05.16"]

1. e4 c5 2. Nf3 Nc6 3. d4 cxd4 4. Nxd4 g6 5. c4 Bg7 6. Be3 Qa5+ 7. Nc3 e6 8.
Ndb5 Bxc3+ 9. Nxc3 Nge7 10. Qd2 O-O 11. Be2 a6 12. O-O Qc7 13. Rad1 Rb8 14. Bf4
e5 15. Bh6 Re8 16. Qg5 Nd8 17. Qf6 Ne6 18. Nd5 Qd8 19. Qxe5 Nxd5 20. cxd5 d6
21. Qc3 Qh4 22. dxe6 Qxh6 23. exf7+ Kxf7 24. Qc7+ Re7 25. Qxb8 Be6 26. Qxd6 Qg5
27. f4 Qa5 28. f5 gxf5 29. exf5 Bxa2 30. Bh5+ Kf8 31. f6 1-0

[Event "27th CRO-Cup"]
[Site "Mali Losinj"]
[Date "2018.05.18"]
[Round "4.91"]
[White "Pavic, Filip"]
[Black "Zelic, Zdravko"]
[Result "1/2-1/2"]
[WhiteElo "2233"]
[BlackElo "2343"]
[PlyCount "33"]
[EventDate "2018.05.16"]

1. e4 c5 2. Nf3 e6 3. d4 cxd4 4. Nxd4 Nc6 5. c4 Nf6 6. Nc3 Bb4 7. Qd3 d6 8. Bd2
Nxd4 9. Qxd4 Bc5 10. Qd3 Ng4 11. Nd1 O-O 12. Be2 Ne5 13. Qg3 Bd4 14. O-O Bd7
15. Bc3 Bxc3 16. Nxc3 Qb6 17. b3 1/2-1/2

[Event "27th CRO-Cup"]
[Site "Mali Losinj"]
[Date "2018.05.18"]
[Round "4.92"]
[White "Zelic, Branko"]
[Black "Radenic, Filip"]
[Result "1-0"]
[WhiteElo "2242"]
[BlackElo "2177"]
[PlyCount "43"]
[EventDate "2018.05.16"]

1. d4 Nf6 2. Nf3 e6 3. Bf4 d5 4. e3 Bd6 5. Ne5 O-O 6. Bd3 b6 7. Nd2 Ba6 8. c4
dxc4 9. Ndxc4 Bb4+ 10. Kf1 Bb7 11. Bg5 Be7 12. Qc2 h6 13. Bh4 c5 14. dxc5 Qd5
15. c6 Nxc6 16. Bxf6 Nb4 17. e4 Qd4 18. Qc3 Qxc3 19. bxc3 Nxd3 20. Bxe7 Rfe8
21. Nxd3 Ba6 22. Ncb2 1-0

[Event "27th CRO-Cup"]
[Site "Mali Losinj"]
[Date "2018.05.18"]
[Round "4.93"]
[White "Nemec, Vjekoslav"]
[Black "Kurecic, Mladen"]
[Result "1/2-1/2"]
[WhiteElo "2202"]
[BlackElo "2042"]
[PlyCount "157"]
[EventDate "2018.05.16"]

1. e4 d5 2. exd5 Qxd5 3. Nf3 Bg4 4. Be2 e6 5. d4 c6 6. h3 Bxf3 7. Bxf3 Qd8 8.
c4 Nf6 9. Nc3 Bb4 10. O-O O-O 11. Qb3 Bxc3 12. bxc3 Qc7 13. Be3 Nbd7 14. Rab1
b6 15. Rfd1 Rac8 16. a4 e5 17. g3 Rfe8 18. Rbc1 h6 19. Be2 exd4 20. cxd4 g5 21.
Bf3 Ne4 22. Kg2 c5 23. d5 Qe5 24. Re1 f5 25. a5 f4 26. Bxf4 gxf4 27. Rxe4 Qxe4
28. Bxe4 Rxe4 29. Qf3 Nf6 30. axb6 axb6 31. Rc2 Kf7 32. Re2 Rce8 33. Rxe4 Rxe4
34. Qb3 Nd7 35. Kf3 Rxc4 36. gxf4 Rd4 37. Qb1 Nf6 38. Qxb6 Rxd5 39. Qc7+ Kg6
40. Qc8 Rh5 41. Qe6 Rd5 42. Qa6 Kf7 43. Qc4 Kg6 44. Qc2+ Kf7 45. f5 Kg7 46. Qb1
c4 47. Qg1+ Kf8 48. Qg6 Rd6 49. Qxh6+ Ke7 50. Qe3+ Kd7 51. Qa7+ Kc6 52. Qa5 Nd7
53. h4 Rd5 54. Qa4+ Kc5 55. Qa3+ Kb5 56. Qb2+ Kc5 57. Ke4 Rd6 58. Qa3+ Kc6 59.
Qa4+ Kc5 60. Qa5+ Kc6 61. Qa4+ Kc5 62. Qa5+ Kc6 63. Kf4 Nf6 64. Qa4+ Kc5 65.
Qa7+ Rb6 66. Qa5+ Kc6 67. Qa1 Kb5 68. Qb2+ Kc5 69. Qa3+ Kc6 70. Ke5 Kb5 71.
Qb2+ Kc5 72. Qa3+ Kb5 73. Kd4 Rc6 74. Qb2+ Ka6 75. h5 c3 76. Qc2 Nxh5 77. Kd5
Kb6 78. Kd4 Kc7 79. Qxc3 1/2-1/2

[Event "27th CRO-Cup"]
[Site "Mali Losinj"]
[Date "2018.05.18"]
[Round "4.94"]
[White "Tretinjak, Dario"]
[Black "Pavic, Jakov"]
[Result "0-1"]
[WhiteElo "1886"]
[BlackElo "2164"]
[PlyCount "66"]
[EventDate "2018.05.16"]

1. d4 Nf6 2. c4 c5 3. d5 e6 4. Nc3 exd5 5. cxd5 d6 6. Nf3 g6 7. g3 Bg7 8. Bg2
O-O 9. O-O a6 10. a4 Re8 11. Re1 Nbd7 12. Bg5 Qc7 13. e4 Rb8 14. a5 Ng4 15. Nd2
Nge5 16. Qc2 b5 17. axb6 Rxb6 18. h3 c4 19. Ra4 Nc5 20. Ra2 Ncd3 21. Rb1 Nb4
22. Qa4 Bd7 23. Qa5 Nxa2 24. Nxa2 Nd3 25. Be3 Rb7 26. Qxc7 Rxc7 27. b3 c3 28.
Nc4 c2 29. Rf1 Bf8 30. Nc1 Nc5 31. f3 Nxb3 32. Nxd6 Bxd6 33. Nxb3 Rc3 0-1

[Event "27th CRO-Cup"]
[Site "Mali Losinj"]
[Date "2018.05.18"]
[Round "4.101"]
[White "Popovic, Ivo"]
[Black "Feletar, Darko"]
[Result "1/2-1/2"]
[WhiteElo "2142"]
[BlackElo "2365"]
[PlyCount "51"]
[EventDate "2018.05.16"]

1. e4 c5 2. Nf3 d6 3. d4 Nf6 4. Nc3 cxd4 5. Nxd4 a6 6. Bg5 Nbd7 7. Qd2 e6 8.
O-O-O b5 9. Bd3 Bb7 10. Rhe1 Qb6 11. Qe3 h6 12. Bxf6 Nxf6 13. f4 O-O-O 14. a3
Kb8 15. Kb1 e5 16. fxe5 dxe5 17. Nb3 Qxe3 18. Rxe3 b4 19. axb4 Bxb4 20. Na2 Be7
21. Nc3 Ka7 22. Rf1 Bb4 23. Na2 Bd6 24. Nc3 Bb4 25. Na2 Be7 26. Nc3 1/2-1/2

[Event "27th CRO-Cup"]
[Site "Mali Losinj"]
[Date "2018.05.18"]
[Round "4.102"]
[White "Vitic, Ivan"]
[Black "Miskovic, Bozo"]
[Result "1-0"]
[WhiteElo "2275"]
[BlackElo "2027"]
[PlyCount "121"]
[EventDate "2018.05.16"]

1. e4 c6 2. d4 d5 3. Nc3 dxe4 4. Nxe4 Bf5 5. Qf3 e6 6. c3 Nd7 7. Ne2 h6 8. N2g3
Bh7 9. Bd3 Ndf6 10. O-O Nxe4 11. Nxe4 Nf6 12. Nxf6+ Qxf6 13. Qxf6 gxf6 14. Be2
Bg6 15. Bf4 Rd8 16. Bf3 Bd6 17. Be3 Bb8 18. Rfe1 Kf8 19. Red1 Kg7 20. b4 e5 21.
b5 e4 22. Be2 cxb5 23. Bxb5 Rc8 24. Rac1 f5 25. g3 Rhd8 26. Be2 f6 27. c4 Be8
28. Rb1 b6 29. Rdc1 Kg6 30. h4 f4 31. gxf4 Kf5 32. Bf1 Kg4 33. Kg2 Bxf4 34.
Be2+ Kf5 35. Kh3 h5 36. Rg1 Rc7 37. Rg8 Bxe3 38. fxe3 Rdc8 39. Rf1+ Ke6 40.
Rfg1 Bf7 41. R8g7 Rh8 42. Kg3 Kf5 43. Rf1+ Ke6 44. Kf4 f5 45. Kg5 Rg8 46. Rxg8
Bxg8 47. Rxf5 Rg7+ 48. Kf4 Rg2 49. Re5+ Kf6 50. Bxh5 Bxc4 51. Kxe4 Rxa2 52.
Rf5+ Ke7 53. Bf3 a5 54. h5 Rh2 55. d5 a4 56. Ke5 a3 57. d6+ Kd7 58. Rf8 a2 59.
Ra8 Rd2 60. Ra7+ Kd8 61. Bc6 1-0

[Event "27th CRO-Cup"]
[Site "Mali Losinj"]
[Date "2018.05.18"]
[Round "4.103"]
[White "Cecuk, Marijo"]
[Black "Susnjar, Miroslav"]
[Result "0-1"]
[WhiteElo "2037"]
[BlackElo "2154"]
[PlyCount "86"]
[EventDate "2018.05.16"]

1. d4 Nf6 2. Nf3 d6 3. c4 g6 4. Nc3 Bg7 5. g3 O-O 6. Bg2 c5 7. O-O Nc6 8. d5
Na5 9. Nd2 a6 10. Rb1 Rb8 11. a3 b5 12. cxb5 axb5 13. b4 cxb4 14. axb4 Qc7 15.
Nb3 Nc4 16. Nd4 Bd7 17. Re1 Qb6 18. e3 Rfc8 19. Qb3 Rc7 20. Rd1 Rbc8 21. Nce2
e6 22. dxe6 fxe6 23. Bh3 d5 24. Ra1 e5 25. Bxd7 Rxd7 26. Nf3 Qe6 27. Kg2 Rf8
28. h3 Ne4 29. Ra2 Rxf3 30. Kxf3 Qxh3 31. Nf4 Ng5+ 32. Ke2 Qg4+ 33. Ke1 exf4
34. exf4 Nf3+ 35. Kf1 Qh3+ 36. Ke2 Nd4+ 37. Rxd4 Bxd4 38. Qf3 Qf5 39. Kd1 h5
40. Re2 Kf7 41. Re1 Qg4 42. Qxg4 hxg4 43. Re2 Bc3 0-1

[Event "27th CRO-Cup"]
[Site "Mali Losinj"]
[Date "2018.05.18"]
[Round "4.104"]
[White "Drmic, Bozo"]
[Black "Saric, Branko"]
[Result "1/2-1/2"]
[WhiteElo "2028"]
[BlackElo "1865"]
[PlyCount "38"]
[EventDate "2018.05.16"]

1. e4 d6 2. d4 Nd7 3. f4 e5 4. Nf3 exd4 5. Qxd4 c6 6. Bc4 Qb6 7. Qc3 d5 8. Be3
Bb4 9. Bxb6 Bxc3+ 10. Nxc3 Nxb6 11. Bb3 Ne7 12. O-O-O dxe4 13. Nxe4 O-O 14. Ne5
a5 15. Nxf7 a4 16. Nh6+ Kh8 17. Nf7+ Kg8 18. Nh6+ Kh8 19. Nf7+ Kg8 1/2-1/2

[Event "27th CRO-Cup"]
[Site "Mali Losinj"]
[Date "2018.05.18"]
[Round "4.111"]
[White "Grgurevic, Boris"]
[Black "Bogut, Zeljko"]
[Result "0-1"]
[WhiteElo "2159"]
[BlackElo "2416"]
[PlyCount "142"]
[EventDate "2018.05.16"]

1. e4 d6 2. d4 Nf6 3. Nc3 c6 4. Nf3 Bg4 5. Be2 e6 6. h3 Bxf3 7. Bxf3 d5 8. O-O
Bb4 9. e5 Nfd7 10. Ne2 Be7 11. c3 O-O 12. Nf4 a5 13. a4 Bg5 14. Nd3 Bxc1 15.
Qxc1 Qe7 16. b3 Rd8 17. Rd1 c5 18. dxc5 Nc6 19. Qe3 h6 20. Re1 Qh4 21. Bg4 Qe7
22. Rad1 Rdc8 23. Ra1 Nd8 24. b4 b6 25. f4 bxc5 26. b5 c4 27. Nc1 g6 28. Ne2
Nb7 29. Nd4 Nbc5 30. Ra2 Qf8 31. Bd1 Rc7 32. Bc2 Rac8 33. g4 Qg7 34. Kh1 Kh8
35. Nc6 Rxc6 36. bxc6 Rxc6 37. f5 gxf5 38. gxf5 Qg5 39. Qxg5 hxg5 40. Rg1 Nxe5
41. Rxg5 Nf3 42. Rh5+ Kg7 43. Bd1 Ne1 44. fxe6 fxe6 45. Rb2 Ne4 46. Rb7+ Kf6
47. Kg1 Nxc3 48. Bg4 Nxa4 49. Rbh7 c3 50. R7h6+ Ke7 51. Re5 Nf3+ 52. Bxf3 c2
53. Re1 Nc3 54. Rc1 Na2 55. Rh7+ Kf6 56. Rh6+ Ke7 57. Rh7+ Kd6 58. Rxc2 Rxc2
59. Ra7 Nc3 60. Rxa5 Ne2+ 61. Kh1 Nf4 62. Bg4 e5 63. Ra8 e4 64. Rf8 Ng2 65. Be2
d4 66. Kxg2 Rxe2+ 67. Kg3 d3 68. h4 Ke7 69. Rf5 d2 70. Rd5 e3 71. h5 Re1 0-1

[Event "27th CRO-Cup"]
[Site "Mali Losinj"]
[Date "2018.05.18"]
[Round "4.112"]
[White "Separovic, Tomislav"]
[Black "Tesla, Miro"]
[Result "1/2-1/2"]
[WhiteElo "2182"]
[BlackElo "2137"]
[PlyCount "59"]
[EventDate "2018.05.16"]

1. c4 Nf6 2. Nf3 g6 3. Nc3 Bg7 4. e4 d6 5. d4 O-O 6. Be2 e5 7. O-O Nc6 8. d5
Ne7 9. Bd2 Ne8 10. Ne1 f5 11. Nd3 c6 12. f3 cxd5 13. cxd5 f4 14. g4 g5 15. Be1
Ng6 16. Kg2 Bf6 17. a4 Kg7 18. h3 Rh8 19. Bf2 h5 20. Rh1 hxg4 21. hxg4 Nh4+ 22.
Bxh4 gxh4 23. Nf2 Rh6 24. Nh3 Rg6 25. Rg1 Be7 26. a5 Nf6 27. Kh2 Rb8 28. Rg2
Bd7 29. Bb5 Bc8 30. Be2 1/2-1/2

[Event "27th CRO-Cup"]
[Site "Mali Losinj"]
[Date "2018.05.18"]
[Round "4.114"]
[White "Bender, Zdenko"]
[Black "Klisanin, Dragan-Mirko"]
[Result "1-0"]
[WhiteElo "2047"]
[BlackElo "1922"]
[PlyCount "103"]
[EventDate "2018.05.16"]

1. Nf3 Nf6 2. g3 d5 3. Bg2 c5 4. d4 cxd4 5. O-O Nc6 6. Nxd4 h6 7. Nxc6 bxc6 8.
c4 e6 9. Qc2 Be7 10. Rd1 O-O 11. Nc3 Bb7 12. b3 Qc7 13. Na4 c5 14. cxd5 exd5
15. Bf4 Qa5 16. Bd2 Qb5 17. Rac1 Rac8 18. Bh3 Rc6 19. e4 c4 20. Nc3 cxb3 21.
axb3 Qb6 22. exd5 Rc7 23. Be3 Qb4 24. Rd4 Qa3 25. Ra4 Qd6 26. Bf4 Qb6 27. Bxc7
Qxc7 28. Rxa7 Qb6 29. Raa1 Nxd5 30. Bg2 Nxc3 31. Qxc3 Bf6 32. Qa5 Qxa5 33. Rxa5
Bxg2 34. Kxg2 Rb8 35. Rb1 Bc3 36. Rc5 Bb4 37. Rc4 g5 38. Kf3 Kg7 39. Ke4 Kg6
40. Kd5 f5 41. Rc6+ Kh5 42. h3 Bf8 43. b4 Rxb4 44. Rxb4 Bxb4 45. Ke5 Be1 46.
Kxf5 Bxf2 47. g4+ Kh4 48. Rxh6+ Kg3 49. Kxg5 Be3+ 50. Kg6 Bxh6 51. Kxh6 Kxh3
52. g5 1-0

[Event "27th CRO-Cup"]
[Site "Mali Losinj"]
[Date "2018.05.18"]
[Round "4.121"]
[White "Novak, Ratko"]
[Black "Muskardin, Mario"]
[Result "1/2-1/2"]
[WhiteElo "2158"]
[BlackElo "2266"]
[PlyCount "92"]
[EventDate "2018.05.16"]

1. d4 Nf6 2. c4 e6 3. Nf3 Bb4+ 4. Bd2 Qe7 5. e3 b6 6. Bd3 Bb7 7. O-O O-O 8. Bc1
d5 9. a3 Bd6 10. b4 c5 11. cxd5 exd5 12. bxc5 bxc5 13. dxc5 Bxc5 14. Nbd2 Bxe3
15. Re1 Bxf2+ 16. Kxf2 Ng4+ 17. Kf1 Qc5 18. Qe2 Nc6 19. Nb3 Qb6 20. h3 Nce5 21.
hxg4 Nxd3 22. Be3 Qxb3 23. Reb1 Qc3 24. Bd4 Qc4 25. Rxb7 Rae8 26. Qa2 Qc6 27.
Rab1 Nc1 28. Qb2 Qc4+ 29. Kg1 Ne2+ 30. Kh1 Re4 31. Bf2 Qc6 32. Rb8 Qh6+ 33. Nh2
Ree8 34. Rxe8 Rxe8 35. Re1 Qa6 36. a4 Qxa4 37. Nf3 Nf4 38. Rxe8+ Qxe8 39. Bxa7
h6 40. Qb8 Qxb8 41. Bxb8 Ne6 42. Bd6 f6 43. Kg1 Kf7 44. Kf2 Kg6 45. Ke3 h5 46.
gxh5+ Kxh5 1/2-1/2

[Event "27th CRO-Cup"]
[Site "Mali Losinj"]
[Date "2018.05.18"]
[Round "4.122"]
[White "Tirkajla, Boris"]
[Black "Kelemen, Miljenko"]
[Result "0-1"]
[WhiteElo "2078"]
[BlackElo "1961"]
[PlyCount "87"]
[EventDate "2018.05.16"]

1. f4 d5 2. Nf3 c5 3. g3 Nc6 4. Bg2 g6 5. O-O Bg7 6. d3 Bg4 7. Nc3 Bxf3 8. Bxf3
e6 9. e4 Nge7 10. Ne2 O-O 11. c3 b5 12. g4 f5 13. h3 Rb8 14. e5 b4 15. c4 fxg4
16. hxg4 dxc4 17. dxc4 Nxe5 18. Qb3 Nxf3+ 19. Rxf3 Nc6 20. Be3 Nd4 21. Nxd4
Bxd4 22. Kg2 Qf6 23. Rh1 Rbd8 24. Bc1 Qf7 25. Rfh3 Qb7+ 26. Kg3 Rf7 27. Qc2 Rg7
28. g5 Rf8 29. Qe2 Re7 30. Qg2 Qxg2+ 31. Kxg2 e5 32. fxe5 Rf2+ 33. Kg3 Re2 34.
Kf3 R2xe5 35. R3h2 Rf5+ 36. Kg4 Re4+ 37. Kh3 a5 38. Rg2 a4 39. Rd1 Kf7 40. Rd3
Rf1 41. Rc2 Ke6 42. Kg3 Rfe1 43. Bf4 Kf5 44. Rf3 0-1

[Event "27th CRO-Cup"]
[Site "Mali Losinj"]
[Date "2018.05.18"]
[Round "4.123"]
[White "Hanjs, Vladimir"]
[Black "Okrugic, Tomislav"]
[Result "1-0"]
[WhiteElo "1796"]
[BlackElo "1923"]
[PlyCount "143"]
[EventDate "2018.05.16"]

1. e4 c5 2. Nf3 g6 3. c3 Bg7 4. d4 cxd4 5. cxd4 d5 6. e5 Bg4 7. Bb5+ Nc6 8. Nc3
Bxf3 9. Qxf3 e6 10. O-O Nh6 11. Be3 Nf5 12. Rfd1 O-O 13. Bxc6 bxc6 14. Na4 f6
15. exf6 Qxf6 16. Nc5 Qe7 17. Qg4 e5 18. Re1 Rae8 19. b4 exd4 20. Bd2 Qf7 21.
Rxe8 Rxe8 22. h3 d3 23. Rd1 Nd6 24. Nxd3 Ne4 25. Be3 d4 26. Bf4 Nc3 27. Rd2
Nxa2 28. Bd6 Nc3 29. Bc5 Ne4 30. Rc2 h5 31. Qd1 Kh7 32. Qa1 Nxc5 33. Rxc5 Qb3
34. Qf1 Re6 35. Rc1 Rd6 36. Rb1 Qc2 37. Rc1 Qd2 38. Rd1 Qg5 39. Ra1 Rd7 40. Ra6
Qb5 41. Ra5 Qb6 42. Qd1 Re7 43. Qb1 Qc7 44. Qa1 Qd7 45. Qb1 Qe8 46. Qd1 Bh6 47.
Ra2 Bf4 48. g3 Bd6 49. Qc2 Qb8 50. Qxc6 Bxg3 51. Ra6 Bxf2+ 52. Nxf2 Qg3+ 53.
Kf1 Rc7 54. Qe4 Rc1+ 55. Ke2 d3+ 56. Qxd3 Qe5+ 57. Qe4 Qb5+ 58. Qd3 Rc2+ 59.
Kd1 Qxd3+ 60. Nxd3 Rh2 61. Rxa7+ Kh6 62. b5 Rxh3 63. Kd2 Rh1 64. b6 Rb1 65. b7
g5 66. Nc5 g4 67. Nd7 g3 68. b8=Q Rxb8 69. Nxb8 g2 70. Ra1 h4 71. Ke2 h3 72.
Kf2 1-0

[Event "27th CRO-Cup"]
[Site "Mali Losinj"]
[Date "2018.05.18"]
[Round "4.131"]
[White "Jovanovic, Zoran"]
[Black "Mrdja, Milan"]
[Result "1-0"]
[WhiteElo "2551"]
[BlackElo "2296"]
[PlyCount "85"]
[EventDate "2018.05.16"]

1. e4 e6 2. d4 d5 3. Nc3 Bb4 4. e5 c5 5. Bd2 Bxc3 6. Bxc3 cxd4 7. Qxd4 Ne7 8.
Qg4 Nf5 9. Nf3 Nc6 10. Bd3 h5 11. Qf4 Bd7 12. O-O-O g6 13. h3 Qe7 14. g4 Nh4
15. Nd4 g5 16. Qe3 Ng2 17. Qf3 Nf4 18. Qe3 a6 19. Ne2 Nxd3+ 20. cxd3 O-O-O 21.
Kb1 Kb8 22. Bd4 Rc8 23. Bc5 Qd8 24. Rc1 Ka8 25. Rhg1 f6 26. Bd4 hxg4 27. hxg4
Rf8 28. Bb6 Qe8 29. Bc5 Rg8 30. exf6 e5 31. Qf3 Be6 32. d4 Qf7 33. Ka1 Rg6 34.
dxe5 Nxe5 35. Qb3 Nc6 36. Qb6 Qc7 37. Qxc7 Rxc7 38. Be7 Rd7 39. f4 Bf7 40. f5
Rg8 41. Rxc6 bxc6 42. Nd4 Kb7 43. b4 1-0

[Event "27th CRO-Cup"]
[Site "Mali Losinj"]
[Date "2018.05.18"]
[Round "4.132"]
[White "Cupic, Lovro"]
[Black "Pikula, Dejan"]
[Result "0-1"]
[WhiteElo "2231"]
[BlackElo "2470"]
[PlyCount "104"]
[EventDate "2018.05.16"]

1. e4 d6 2. d4 Nf6 3. Bd3 e5 4. c3 Nbd7 5. Nf3 g6 6. O-O Bg7 7. Nbd2 O-O 8. Re1
Re8 9. d5 c6 10. c4 a5 11. Nf1 Nc5 12. Bc2 cxd5 13. cxd5 b5 14. h3 b4 15. Ng3
Qb6 16. Be3 Bd7 17. Bd3 Rec8 18. Nd2 Bb5 19. Bxb5 Qxb5 20. b3 h5 21. Bxc5 Qxc5
22. Ngf1 Bh6 23. Ne3 Qd4 24. Nec4 Bxd2 25. Nxd2 Rc3 26. Nc4 Qc5 27. Rc1 Rxc1
28. Qxc1 a4 29. Qg5 Kg7 30. Qe3 Qxe3 31. Rxe3 axb3 32. axb3 Ra1+ 33. Kh2 Ra6
34. Nb2 Ra2 35. Nd3 Rd2 36. Nxb4 Rxf2 37. Na6 h4 38. Kg1 Ra2 39. Nc7 Nh5 40.
Ne8+ Kf8 41. Nxd6 Nf4 42. b4 Rxg2+ 43. Kf1 Rb2 44. Nc4 Rb1+ 45. Re1 Rxb4 46.
Nxe5 Nxh3 47. d6 Rd4 48. Nf3 Rxd6 49. Nxh4 Ng5 50. Kf2 Rd4 51. Rg1 Nh3+ 52. Ke3
Rxe4+ 0-1

[Event "27th CRO-Cup"]
[Site "Mali Losinj"]
[Date "2018.05.18"]
[Round "4.133"]
[White "Djurovic, Goran"]
[Black "Glazar, Domagoj"]
[Result "1/2-1/2"]
[WhiteElo "2394"]
[BlackElo "2133"]
[PlyCount "37"]
[EventDate "2018.05.16"]

1. g3 e5 2. Bg2 Nf6 3. d3 d5 4. Nf3 Bd6 5. O-O O-O 6. c4 dxc4 7. dxc4 Nc6 8.
Nc3 Re8 9. Bg5 h6 10. Bxf6 Qxf6 11. Nd5 Qd8 12. e3 Ne7 13. Nxe7+ Qxe7 14. Qc2
Bg4 15. Nd2 c6 16. a3 a5 17. Rac1 Rad8 18. Bf3 Bh3 19. Bg2 1/2-1/2

[Event "27th CRO-Cup"]
[Site "Mali Losinj"]
[Date "2018.05.18"]
[Round "4.134"]
[White "Kovacevic, Krsto"]
[Black "Bukal, Vladimir Jr"]
[Result "0-1"]
[WhiteElo "2085"]
[BlackElo "2388"]
[PlyCount "128"]
[EventDate "2018.05.16"]

1. d4 e6 2. Nf3 f5 3. Bf4 Nf6 4. e3 b6 5. Be2 Bb7 6. O-O Bd6 7. Ne5 O-O 8. c4
Ne4 9. Bf3 Be7 10. h3 d6 11. Nd3 Nd7 12. Bh2 Bf6 13. Nc3 g5 14. Bxe4 fxe4 15.
Nc1 Bg7 16. N1e2 Nf6 17. b4 Qe7 18. Rb1 g4 19. hxg4 Nxg4 20. Bg3 Qg5 21. Qd2
Rf6 22. Nf4 Rh6 23. Nce2 e5 24. Nh3 Qg6 25. d5 Rf8 26. Rb3 Bc8 27. Kh1 Rh5 28.
Neg1 Nh6 29. Bh2 Nf7 30. f4 exf3 31. Rxf3 Ng5 32. Rxf8+ Bxf8 33. Nxg5 Rxg5 34.
Qf2 Rg4 35. e4 Rxe4 36. Rf3 Bg7 37. Rg3 Rg4 38. Rxg4 Bxg4 39. Qh4 Bf6 40. Qg3
Qe4 41. Qb3 h5 42. Qa4 h4 43. Qb3 Kg7 44. Nh3 Qe1+ 45. Bg1 e4 46. Qe3 Qxe3 47.
Bxe3 Be2 48. c5 Kf7 49. Ng5+ Bxg5 50. Bxg5 Bc4 51. cxb6 cxb6 52. a3 Bxd5 53.
Kg1 Ke6 54. Kf2 Bc6 55. Ke3 Kd5 56. Be7 b5 57. Bxh4 Kc4 58. Be7 d5 59. Bc5 a5
60. g4 a4 61. g5 Be8 62. Bd6 Bg6 63. Bc5 Kc3 64. Bd6 d4+ 0-1

[Event "27th CRO-Cup"]
[Site "Mali Losinj"]
[Date "2018.05.18"]
[Round "4.141"]
[White "Matko, Ognjen"]
[Black "Boban, Sten"]
[Result "1-0"]
[WhiteElo "2305"]
[BlackElo "2092"]
[PlyCount "83"]
[EventDate "2018.05.16"]

1. d4 d5 2. Bf4 e6 3. e3 c5 4. c3 Bd6 5. Bg3 cxd4 6. exd4 Nf6 7. Nd2 Nc6 8.
Ngf3 O-O 9. Bd3 a6 10. Ne5 Qc7 11. f4 b5 12. O-O Nd7 13. Qh5 f5 14. Nxd7 Bxd7
15. Qe2 Ne7 16. Nf3 h6 17. Rae1 Ng6 18. Ne5 Nxe5 19. fxe5 Be7 20. Bf4 Bg5 21.
Bxg5 hxg5 22. Qh5 g4 23. h3 Be8 24. Qh4 gxh3 25. Qxh3 Qf7 26. g4 Qg6 27. Kh2
Qxg4 28. Qxg4 fxg4 29. Bh7+ Kxh7 30. Rxf8 Bc6 31. Rxa8 Bxa8 32. Kg3 Bc6 33.
Kxg4 Be8 34. Rf1 Kg8 35. Kg5 Bd7 36. Rc1 Kf7 37. b3 Bc6 38. c4 bxc4 39. bxc4
dxc4 40. Rxc4 Bd5 41. Rc7+ Ke8 42. a3 1-0

[Event "27th CRO-Cup"]
[Site "Mali Losinj"]
[Date "2018.05.18"]
[Round "4.142"]
[White "Zakic, Marko"]
[Black "Muzina, Marin"]
[Result "1/2-1/2"]
[WhiteElo "1901"]
[BlackElo "1944"]
[PlyCount "93"]
[EventDate "2018.05.16"]

1. e4 e6 2. d4 d5 3. exd5 exd5 4. Bd3 Bd6 5. Nf3 Ne7 6. O-O Nbc6 7. Re1 Bg4 8.
c3 Qd7 9. Na3 f6 10. Nb5 g5 11. Nxd6+ Qxd6 12. b4 O-O-O 13. b5 Nb8 14. a4 Ng6
15. Ba3 Qf4 16. Bc1 Qd6 17. Ba3 Qf4 18. Bc1 Bxf3 19. gxf3 Qh4 20. Bf5+ Nd7 21.
Re6 Nf4 22. Re7 h5 23. Bxf4 Qxf4 24. Qd3 g4 25. Rxd7 Rxd7 26. Bxd7+ Kxd7 27.
Qg6 gxf3 28. Qf7+ Kc8 29. Kh1 Rd8 30. Re1 b6 31. Qe6+ Kb7 32. Qe3 Qf5 33. Qe6
Qg4 34. Qc6+ Kb8 35. Rg1 Qf5 36. Rg7 Qf4 37. Rg6 Qe4 38. Qxf6 Re8 39. Rg1 Qe2
40. Qh4 Re7 41. Qxh5 Qe4 42. Rg8+ Kb7 43. Rg1 a5 44. Qh6 Re6 45. Qh5 Re7 46.
Qh6 Re6 47. Qh5 1/2-1/2

[Event "27th CRO-Cup"]
[Site "Mali Losinj"]
[Date "2018.05.18"]
[Round "4.143"]
[White "Horina, Miroslav"]
[Black "Muraja, Zeljko"]
[Result "1/2-1/2"]
[WhiteElo "1851"]
[BlackElo "1722"]
[PlyCount "59"]
[EventDate "2018.05.16"]

1. e4 d5 2. exd5 Qxd5 3. Nc3 Qd8 4. Nf3 Bf5 5. Bc4 e6 6. O-O Nf6 7. Ne2 Bd6 8.
Ng3 Bg6 9. d4 c6 10. c3 O-O 11. Re1 Nbd7 12. Ng5 h6 13. N5e4 Bc7 14. Nxf6+ Nxf6
15. Be3 Nd5 16. Qf3 Qh4 17. Bd2 Rad8 18. Bd3 Bxd3 19. Qxd3 Qe7 20. Qf3 Qf6 21.
Qh5 Nf4 22. Bxf4 Qxf4 23. Re4 Qd2 24. Re2 Qf4 25. Rae1 Rd5 26. Qh3 Qf6 27. Qg4
Bxg3 28. Qxg3 Rfd8 29. Re5 Rxe5 30. Qxe5 1/2-1/2

[Event "27th CRO-Cup"]
[Site "Mali Losinj"]
[Date "2018.05.18"]
[Round "4.144"]
[White "Matosevic, Miroslav"]
[Black "Crnjakovic, Martin"]
[Result "0-1"]
[WhiteElo "1429"]
[BlackElo "1811"]
[PlyCount "60"]
[EventDate "2018.05.16"]

1. e4 c5 2. Nf3 g6 3. c3 d5 4. exd5 Qxd5 5. Be2 Bg7 6. O-O Nc6 7. Re1 e6 8. d3
Nge7 9. Ng5 O-O 10. Bf3 Qd8 11. Ne4 b6 12. Bg5 f6 13. Be3 Nd5 14. Na3 Ne5 15.
Nc4 Nxf3+ 16. Qxf3 Ba6 17. Na3 Bxd3 18. Bxc5 Bxe4 19. Qxe4 Re8 20. Be3 f5 21.
Qc2 Nxe3 22. Rxe3 e5 23. Rd1 Qe7 24. Nb5 Red8 25. Red3 Bf8 26. Rxd8 Rxd8 27.
Rxd8 Qxd8 28. Nxa7 Qd7 29. Qb3+ Kg7 30. Nb5 Qd2 0-1

[Event "27th CRO-Cup"]
[Site "Mali Losinj"]
[Date "2018.05.19"]
[Round "5.12"]
[White "Markus, Robert"]
[Black "Kozul, Zdenko"]
[Result "1/2-1/2"]
[WhiteElo "2603"]
[BlackElo "2597"]
[PlyCount "90"]
[EventDate "2018.05.16"]

1. d4 Nf6 2. c4 g6 3. Nf3 Bg7 4. g3 d5 5. cxd5 Nxd5 6. Bg2 Nb6 7. O-O Nc6 8. e3
O-O 9. Nc3 Re8 10. a3 Rb8 11. Nd2 e5 12. d5 Ne7 13. e4 c6 14. a4 cxd5 15. a5
Nc4 16. exd5 Nd6 17. Nde4 Nxe4 18. Nxe4 Bf5 19. d6 Bxe4 20. Bxe4 Nc6 21. a6 Nd4
22. axb7 Qxd6 23. Ra5 f5 24. Bd5+ Kh8 25. Be3 Red8 26. Qa4 Qc7 27. Kh1 h5 28.
Rc1 Qe7 29. Bxd4 exd4 30. Qb3 d3 31. Rd1 Bd4 32. Qxd3 Bxf2 33. Qf3 Bb6 34. Raa1
Kg7 35. Re1 Qg5 36. Rad1 h4 37. gxh4 Qxh4 38. Qg2 Re8 39. Re6 Rxe6 40. Bxe6 Rd8
41. Rf1 Kh6 42. Qc2 Bc7 43. Qxc7 Qe4+ 44. Kg1 Qe3+ 45. Kh1 Qe4+ 1/2-1/2

[Event "27th CRO-Cup"]
[Site "Mali Losinj"]
[Date "2018.05.19"]
[Round "5.13"]
[White "Palac, Mladen"]
[Black "Kuljasevic, Davorin"]
[Result "1/2-1/2"]
[WhiteElo "2548"]
[BlackElo "2534"]
[PlyCount "64"]
[EventDate "2018.05.16"]

1. e4 e5 2. Nf3 Nc6 3. Bb5 a6 4. Ba4 Nf6 5. O-O Be7 6. Re1 b5 7. Bb3 d6 8. c3
O-O 9. h3 Re8 10. Ng5 Rf8 11. Nf3 Re8 12. d4 Bb7 13. Ng5 Rf8 14. Nf3 Re8 15.
Nbd2 Bf8 16. a3 h6 17. Bc2 Nb8 18. b3 Nbd7 19. Bb2 Rb8 20. a4 Ba8 21. Bd3 d5
22. exd5 exd4 23. Rxe8 Qxe8 24. Nxd4 Nxd5 25. axb5 axb5 26. Bf1 b4 27. cxb4 Ne3
28. fxe3 Qxe3+ 29. Kh1 Qxh3+ 30. Kg1 Qe3+ 31. Kh1 Qh3+ 32. Kg1 Qe3+ 1/2-1/2

[Event "27th CRO-Cup"]
[Site "Mali Losinj"]
[Date "2018.05.19"]
[Round "5.14"]
[White "Plenca, Jadranko"]
[Black "Jankovic, Alojzije"]
[Result "0-1"]
[WhiteElo "2487"]
[BlackElo "2563"]
[PlyCount "64"]
[EventDate "2018.05.16"]

1. e4 c5 2. Nc3 Nc6 3. Bb5 Nd4 4. Bc4 a6 5. a4 g6 6. Nge2 Bg7 7. Nxd4 cxd4 8.
Qf3 e6 9. Ne2 Ne7 10. d3 O-O 11. O-O b6 12. Bg5 Bb7 13. Qh3 Rc8 14. Bb3 f6 15.
Bf4 f5 16. Bg5 Qe8 17. Nf4 Nc6 18. Rae1 Ne5 19. Bh6 Bxh6 20. Qxh6 Qe7 21. Ne2
fxe4 22. Nxd4 Qd6 23. Qe3 Ng4 24. Qg3 Qxg3 25. hxg3 exd3 26. cxd3 Kg7 27. Nxe6+
dxe6 28. Bxe6 Nf6 29. Bxc8 Bxc8 30. Re5 Bd7 31. a5 bxa5 32. Rc1 Bb5 0-1